Sử dụng tài nguyên đất trong xây dựng và phát triển nông thôn

সংরক্ষণ করুন:
গ্রন্থ-পঞ্জীর বিবরন
প্রধান লেখক: Phạm Văn Cơ
বিন্যাস: গ্রন্থ
ভাষা:Undetermined
প্রকাশিত: Hà Nội Nông Nghiệp 2000
বিষয়গুলি:
ট্যাগগুলো: ট্যাগ যুক্ত করুন
কোনো ট্যাগ নেই, প্রথমজন হিসাবে ট্যাগ করুন!
Thư viện lưu trữ: Trung tâm Học liệu Trường Đại học Cần Thơ
LEADER 00543nam a2200169Ia 4500
001 CTU_40661
008 210402s9999 xx 000 0 und d
082 |a 624.151 
082 |b C460 
100 |a Phạm Văn Cơ 
245 0 |a Sử dụng tài nguyên đất trong xây dựng và phát triển nông thôn 
245 0 |c Phạm Văn Cơ 
260 |a Hà Nội 
260 |b Nông Nghiệp 
260 |c 2000 
650 |a geology, foundation,soil mechanics 
980 |a Trung tâm Học liệu Trường Đại học Cần Thơ